[Event "Kragero Resort A 2020"]
[Site "Kragero"]
[Date "2020.02.21"]
[Round "6.1"]
[White "Gharibyan, Mamikon"]
[Black "Chatalbashev, Boris"]
[Result "1-0"]
[WhiteElo "2405"]
[BlackElo "2514"]
[Annotator "TA"]
[PlyCount "95"]
[EventDate "2020.02.19"]
[EventType "swiss"]
[EventCountry "NOR"]
[SourceTitle "playchess.com"]
[Source "ChessBase"]
[SourceQuality "1"]

{[%evp 19,95,18,18,18,18,18,21,13,25,25,45,34,34,8,3,-8,30,22,19,22,19,15,14,18,76,75,90,97,121,121,132,135,134,127,143,149,140,100,111,74,190,182,314,253,244,210,227,196,229,227,324,308,373,369,356,345,319,284,360,354,322,329,762,760,794,768,29974,29976,29982,29980,12814,6426,6268,6262,6107,6103,6079,5587]} 1. d4 Nf6 2. c4 g6 3. Nc3 d5 4. cxd5 Nxd5 5. e4 Nxc3 6. bxc3 Bg7 7. Be3 c5 8. Rc1 Qa5 9. Qd2 O-O 10. Nf3 Rd8 11. Be2 {D85: Exchange Grünfeld: Unusual White 7th moves and lines with 7 Nf3.} cxd4 {now scores much better than the old 11...Nc6. Played by Vladislav Artemiev in January 2020.} 12. cxd4 {[%cal Bc3d4,Bd4d5][%mdl 32]} Qxd2+ 13. Bxd2 {The position is equal.} Bg4 14. d5 {[#]} Na6 $146 {[%cal Bb8a6,Ba6c5,Bc5a4][%mdl 32]} ({Predecessor:} 14... e6 15. Bc4 exd5 16. Bxd5 Nc6 17. Ng5 Ne5 18. Rc7 Rac8 19. Rxc8 Rxc8 20. f3 Bd7 {0-1 (29) Grooten,H (2251)-Kuzubov,Y (2644) Leiden 2020}) 15. O-O e6 16. Bc4 Nc5 17. h3 Bxf3 18. gxf3 exd5 19. Bxd5 Rac8 20. Be3 b6 21. Rfd1 Na4 (21... Bf6 $11) 22. Rxc8 $16 Rxc8 23. Bb7 Rb8 24. Rd7 Nc5 25. Bxc5 $1 bxc5 {[%mdl 4096] Endgame KRB-KRB} 26. Bd5 Bd4 27. Rxf7 {[#] Strongly threatening Rb7+.} Rb2 28. Rxa7+ Kh8 29. Kg2 g5 {[#]} (29... c4 $16 {keeps fighting.} 30. Ra8+ Kg7) 30. Kg3 $1 $18 Rxf2 (30... c4 $142 31. Ra8+ Kg7) 31. Kg4 c4 32. Ra8+ Kg7 33. Bxc4 h6 34. Rd8 Be5 (34... Bc3 $142 35. Rd3 Be1) 35. Kf5 Bh2 36. Rd7+ Kf8 37. Rf7+ Ke8 38. Ke6 Rb2 39. Rh7 {[%cal Rh7h8]} Rb6+ 40. Kf5 Kf8 $2 (40... Kd8 41. a4 Rc6) 41. e5 Rc6 42. Bd5 Rc5 43. Kf6 {[%cal Rh7h8]} Ke8 44. Rh8+ Kd7 45. Be6+ {White is clearly winning.} Kc6 46. Rc8+ Kb6 47. Rxc5 Kxc5 48. Bd7 {Accuracy: White = 93%, Black = 45%.} 1-0

[Event "Kragero Resort A 2020"]
[Site "Kragero"]
[Date "2020.02.21"]
[Round "6.3"]
[White "Seo, Jung Min"]
[Black "Holm, Kristian Stuvik"]
[Result "1/2-1/2"]
[WhiteElo "2424"]
[BlackElo "2467"]
[Annotator "TA"]
[PlyCount "72"]
[EventDate "2020.02.19"]
[EventType "swiss"]
[EventCountry "NOR"]
[SourceTitle "playchess.com"]
[Source "ChessBase"]
[SourceQuality "1"]

{[%evp 13,72,29,19,0,21,20,13,10,47,32,53,45,45,45,79,70,73,63,70,50,52,62,60,59,62,58,70,48,56,65,58,48,61,60,76,69,64,16,34,13,26,4,8,5,12,6,6,0,3,0,6,0,0,0,0,0,0,0,0,0,0]} 1. c4 g6 2. d4 Nf6 3. Nc3 d5 4. Bg5 Ne4 5. Bh4 Nxc3 6. bxc3 dxc4 7. e3 Be6 8. Qb1 {D80: Grünfeld: Unusual White 4th moves and 4 Bg5.} b6 {8...c5 is more advanced technology.} 9. Nh3 Bh6 10. Bg5 Bg7 11. Nf4 Bf5 12. e4 $1 {[%cal Re4f5]} Bd7 13. Bxc4 {[#]} O-O $146 ({Predecessor:} 13... Nc6 14. e5 Na5 15. Bd5 Bf5 16. Qb5+ c6 17. Bxc6+ Nxc6 18. Qxc6+ Bd7 19. Qe4 O-O {½-½ (68) Risting,E (2322)-Chatalbashev,B (2537) Fornebu 2017}) 14. Nd5 Nc6 15. O-O h6 16. Bh4 $1 g5 17. Bg3 e6 18. Ne3 $1 ({Reject} 18. Nxc7 Rc8 $15) 18... Na5 19. Bd3 c5 20. e5 Nc6 21. Rd1 cxd4 22. cxd4 f5 {[#] Threatens to win with ...f4.} 23. exf6 Qxf6 24. Ng4 Qe7 25. Ne5 Nxe5 26. Bxe5 Bc6 27. Be4 Bxe4 {The position is equal.} 28. Qxe4 Qf7 29. f3 Qf5 30. Qe2 Rac8 31. Bxg7 Kxg7 32. Re1 Rc2 33. Qxe6 Rxg2+ {[%mdl 64] [#] Remove Defender} 34. Kxg2 Qxf3+ 35. Kg1 {aiming for Rf1.} Qf2+ {[%mdl 64] Double Attack} 36. Kh1 Qf3+ {Accuracy: White = 95%, Black = 100%.} 1/2-1/2

[Event "Kragero Resort A 2020"]
[Site "Kragero"]
[Date "2020.02.21"]
[Round "6.4"]
[White "Haldorsen, Benjamin"]
[Black "Osmak, Iulija"]
[Result "0-1"]
[WhiteElo "2462"]
[BlackElo "2394"]
[Annotator "TA"]
[PlyCount "60"]
[EventDate "2020.02.19"]
[EventType "swiss"]
[EventCountry "NOR"]
[SourceTitle "playchess.com"]
[Source "ChessBase"]
[SourceQuality "1"]

{[%evp 9,60,-14,6,1,22,0,16,6,2,0,0,0,0,0,0,0,3,0,0,0,0,0,0,0,0,-49,-32,-37,-18,-192,-170,-732,-735,-721,-731,-725,-704,-907,-907,-883,-882,-900,-689,-900,-893,-860,-857,-5647,-5555,-29976,-29977,-29975,-29976]} 1. e4 e6 2. d4 d5 3. Bd3 dxe4 4. Bxe4 Nf6 5. Bf3 Nbd7 6. Ne2 {C01: French: Exchange Variation.} e5 {White must now prevent ...e4.} 7. Ng3 Be7 8. O-O {The position is equal.} O-O 9. Nf5 {[#]} exd4 $146 ({Predecessor:} 9... Re8 10. Nxe7+ Qxe7 11. Re1 Qb4 12. c3 Qb6 13. Nd2 exd4 14. Rxe8+ Nxe8 15. Nc4 Qe6 {1-0 (59) Gimenez Menchon,C (2249)-Taboas Rodriguez,D (2423) Alicante 2019}) 10. Qxd4 Re8 11. Bf4 Nf8 {[%cal Bd7f8,Bf8g6,Bg6h4,Bh4g2][%mdl 32]} 12. Nxe7+ Qxe7 13. Be3 c6 14. Nd2 Bf5 15. c3 Ng6 16. Rfe1 h6 17. Nc4 {Strongly threatening Nd6.} Rad8 18. Qxa7 Nh4 19. Be2 $2 {[#] White does not recover from this.} (19. Nd2 $1 $11 {and White has nothing to worry.}) 19... Bh3 $1 $19 {[%mdl 512]} 20. Rad1 $2 ({Don't go for} 20. gxh3 $2 Qe4 $19) (20. Bf1 Bxg2 {[%mdl 64] Decoy} 21. Bxg2 Nxg2 22. Kxg2 (22. Bc5 $2 Qd7 $19) 22... Qe4+ {[%mdl 64] Double Attack} 23. f3 Qxc4 24. Bf2) 20... Nxg2 21. Rxd8 Qxd8 22. Rd1 Nd5 23. Qd4 Ngxe3 24. fxe3 Qg5+ {[%mdl 64] Double Attack} 25. Kf2 Qg2+ {[%mdl 64] Double Attack} 26. Ke1 b5 27. Ne5 f6 28. Nxc6 Nxe3 {[%mdl 64] ( -> ...Nc2+). Discovered Attack} 29. Ne7+ Rxe7 30. Qd8+ {[#]} Kf7 $1 {Accuracy: White = 61%, Black = 100%.} 0-1

[Event "Kragero Resort A 2020"]
[Site "Kragero"]
[Date "2020.02.21"]
[Round "6.5"]
[White "Hammer, Jon Ludvig"]
[Black "Miedema, David"]
[Result "1-0"]
[WhiteElo "2628"]
[BlackElo "2368"]
[Annotator "TA"]
[PlyCount "123"]
[EventDate "2020.02.19"]
[EventType "swiss"]
[EventCountry "NOR"]
[SourceTitle "playchess.com"]
[Source "ChessBase"]
[SourceQuality "1"]

{[%evp 9,123,34,48,12,15,-19,54,7,66,61,72,66,66,61,85,70,90,83,109,82,119,50,29,22,22,33,26,18,70,24,37,0,35,43,47,48,50,49,47,51,50,48,69,59,68,56,68,61,54,68,68,63,69,68,83,75,85,58,73,0,102,70,129,136,122,108,172,126,232,209,215,129,127,122,122,17,17,16,17,17,24,39,152,147,147,150,162,0,8,0,74,74,74,74,74,80,4850,4698,29957,29956,11815,11454,29966,29965,29981,29982,29982,29983,29983,29984,29984,29985,29985,29983,29983,29984]} 1. d4 e6 2. Nf3 d5 3. Bf4 c5 4. e3 Bd6 5. Bb5+ Nc6 6. O-O {[#] D02: 1 d4 d5 2 Nf3 sidelines, including 2...Nf6 3 g3 and 2...Nf6 3 Bf4.} Nge7 $146 ({Predecessor:} 6... Bxf4 7. exf4 cxd4 8. Bxc6+ bxc6 9. Qxd4 Nf6 10. Ne5 Qb6 11. Qxb6 axb6 12. Nxc6 Bb7 {1-0 (35) Abramsson,L-Dubel,D California 1992}) 7. c4 O-O (7... Bxf4 $11 8. exf4 cxd4) 8. cxd5 {Hoping for Bxd6.White is slightly better.} Bxf4 (8... Nxd4 $11 9. Bxd6 Nxf3+ 10. Qxf3 Qxd6) 9. dxc6 $14 Bd6 10. dxc5 Bxc5 11. Qc2 Qb6 12. Nc3 {aiming for Bd3.} Nxc6 13. Bd3 Nb4 14. Bxh7+ Kh8 15. Qc1 (15. Qb1 $16) 15... Bxe3 16. Qxe3 Qxe3 17. fxe3 {Be4 is the strong threat.} Kxh7 18. Rad1 b6 (18... Nc6 $11) 19. a3 Nc6 20. Rd6 Ne7 21. e4 f6 22. Ng5+ Kg8 23. Nxe6 Bxe6 24. Rxe6 Ng6 25. Rd1 Rf7 26. Red6 Rc7 27. Nb5 Re7 28. Rd8+ Rxd8 29. Rxd8+ {[%mdl 4096] Endgame KRN-KRN} Kh7 30. Rd4 Ne5 31. Kf1 Nc6 32. Rc4 Na5 33. Rb4 Nc6 34. Rc4 Na5 $1 {[%cal Ra5c4]} 35. Ra4 Nb3 (35... Nc6 $14) 36. Rxa7 $16 Rxe4 37. Rd7 Na5 (37... Re5 $16) 38. Rd4 Re6 (38... Rxd4 $16 39. Nxd4 Nc4) 39. b4 $1 $18 Re5 40. bxa5 Rxb5 41. axb6 Rxb6 {KR-KR} 42. Rd1 (42. Ke2 $1 $16) 42... Ra6 $1 $11 43. Ra1 Ra4 $1 44. Ke2 g5 45. Kd3 {Black must now prevent Kc2.} Kg6 ({Better is} 45... f5 $1 $14) 46. Kc3 $1 $16 f5 47. Kb3 $1 {[%cal Rb3a4]} Rh4 48. Rh1 $2 (48. h3 $18) 48... Rg4 49. Rg1 Rh4 {[#]} (49... f4 $11 {keeps the balance.}) 50. h3 $1 g4 {[#]} 51. hxg4 $1 Rxg4 52. a4 {And now a5 would win.} Kh5 $2 {[%mdl 8192] Black cannot hold the game after this.} (52... Kf7 $16) 53. a5 $18 Rg6 54. Rh1+ Kg4 55. Ra1 Kg3 56. a6 {White mates.} f4 57. a7 Rg8 58. a8=Q Rxa8 59. Rxa8 Kxg2 60. Kc2 f3 61. Kd2 f2 62. Rg8+ {Accuracy: White = 74%, Black = 63%.} 1-0

[Event "Kragero Resort A 2020"]
[Site "Kragero"]
[Date "2020.02.21"]
[Round "6.6"]
[White "Kaasen, Tor Fredrik"]
[Black "Postny, Evgeny"]
[Result "1-0"]
[WhiteElo "2393"]
[BlackElo "2611"]
[Annotator "TA"]
[PlyCount "87"]
[EventDate "2020.02.19"]
[EventType "swiss"]
[EventCountry "NOR"]
[SourceTitle "playchess.com"]
[Source "ChessBase"]
[SourceQuality "1"]

{[%evp 11,87,0,0,0,38,15,53,46,45,49,60,67,76,55,58,59,79,74,69,59,80,91,88,93,126,122,114,75,86,84,99,41,92,106,265,253,265,259,265,264,264,250,231,237,260,235,282,266,288,269,273,266,258,251,245,247,363,325,433,208,416,397,410,402,390,386,658,443,29974,29977,29977,29978,29977,29978,29979,29980,29979,29980]} 1. e4 c6 2. d4 d5 3. e5 Bf5 4. h4 h5 5. c4 e6 6. Nc3 Ne7 7. Nge2 $1 {The main line 7.Nge2 scores better than 7.Bg5. 7.Bg5 is vanishing. B12: Caro-Kann: Advance Variation.} Bg4 8. Bg5 {[#]} Qc7 $146 ({Predecessor:} 8... Qb6 9. c5 Qc7 10. f3 Bf5 11. Ng3 f6 12. Bf4 Nd7 13. exf6 Qxf4 14. Nce2 Qh6 15. fxe7 Bxe7 16. Nxf5 exf5 {½-½ (27) Sutovsky,E (2647)-Artemiev,V (2704) Poikovsky 2018}) 9. cxd5 {White is slightly better.} Nxd5 10. Qd2 Nd7 11. Nxd5 cxd5 12. Nc3 {[#] Nb5 is the strong threat.} Bb4 13. Rc1 O-O 14. a3 Bxc3 15. Rxc3 Qb6 16. Bd3 Rfc8 17. O-O Rc6 18. Rxc6 bxc6 19. b4 a5 20. Be7 axb4 21. axb4 (21. Qxb4 $16 Qxb4 22. Bxb4) 21... Re8 (21... Bf5 $14 22. Be2 g6) 22. Bd6 $16 Nf8 $2 {Loses the game.} (22... g6 $16) 23. Ra1 $18 Ng6 24. Bc5 Qd8 25. g3 Bf5 26. Bf1 f6 27. Bd6 fxe5 28. dxe5 Be4 {intending ...Nxh4.} 29. Qe3 Ne7 30. Qg5 Nf5 31. Qxh5 Nxd6 32. exd6 Rf8 33. Qe5 Qb6 (33... Qf6 $142 34. f4 Qf7) 34. Ra2 ({Less strong is} 34. Qxe6+ Kh7 $16) 34... Kh7 35. Qh5+ $40 {[%mdl 128] White goes for the king.} Kg8 36. Bh3 Bf5 37. Bxf5 exf5 {[%mdl 4096] Endgame KQR-KQR} 38. Qg6 {[#] And now Re2 would win.} d4 $2 (38... f4 39. Re2 fxg3 40. Qxg3 Qd4) 39. h5 {White threatens Re2 and mate.} Qd8 (39... d3 $18 40. Qe6+ Kh7) 40. Ra7 {[%csl Ga7][%cal Rg6g7] White mates.} Qf6 41. Qxf6 gxf6 42. h6 Rd8 43. Rg7+ Kf8 44. d7 {Accuracy: White = 88%, Black = 50%.} 1-0

[Event "Kragero Resort A 2020"]
[Site "Kragero"]
[Date "2020.02.21"]
[Round "6.7"]
[White "Moiseenko, Vadim"]
[Black "Abdrlauf, Elham"]
[Result "1-0"]
[WhiteElo "2550"]
[BlackElo "2381"]
[Annotator "TA"]
[PlyCount "51"]
[EventDate "2020.02.19"]
[EventType "swiss"]
[EventCountry "NOR"]
[SourceTitle "playchess.com"]
[Source "ChessBase"]
[SourceQuality "1"]

{[%evp 9,51,-5,-4,-16,20,14,27,18,37,16,16,16,32,5,46,30,81,25,114,79,110,124,229,224,497,506,556,512,528,523,647,632,1027,1058,1038,971,1256,1222,1164,1172,1059,993,29992,29990]} 1. d4 Nf6 2. Bf4 b6 3. Nc3 Bb7 4. Qd3 d5 {[#]} 5. Qh3 $146 ({Predecessor:} 5. Nf3 e6 6. Ne5 Nh5 7. Bd2 Nf6 8. Bf4 Nh5 9. Bd2 Nf6 10. Bf4 {½-½ (10) Li,S (2507)-Xu,X (2583) Hangzhou 2019}) 5... e6 6. e3 {A45: Trompowsky Attack.} a6 7. g4 Bd6 8. Nge2 {White has an edge.} Qe7 9. Rg1 Bxf4 10. Nxf4 g6 11. Bd3 Nfd7 12. O-O-O c5 (12... Nc6 $11 {keeps the balance.}) 13. Rge1 ({Better is} 13. Bxg6 $16 {Strongly threatening Bh5.} cxd4 14. Rxd4) 13... c4 (13... O-O $11 {remains equal.}) 14. Bf1 b5 {[#]} 15. e4 $1 {[%cal Re4d5]} Qg5 {[#]} (15... dxe4 $16 16. Nxe4 Bxe4 17. Rxe4 O-O) 16. Qg3 $1 $18 {aiming for h4.} b4 $2 (16... dxe4 {was necessary.} 17. h4 Qe7) 17. h4 Qd8 18. exd5 bxc3 19. dxe6 cxb2+ {[#]} 20. Kb1 $1 {[%mdl 512]} Nb6 21. exf7+ Kxf7 22. Ne6 Qf6 23. Ng5+ Kg8 24. Re8+ Kg7 25. Re6 Qf8 26. Rxb6 {[%mdl 64] Double Attack. White took control after the opening. Accuracy: White = 85%, Black = 22%.} 1-0

[Event "Kragero Resort A 2020"]
[Site "Kragero"]
[Date "2020.02.21"]
[Round "6.8"]
[White "Tryggestad, Andreas Garberg"]
[Black "Vrolijk, Liam"]
[Result "1/2-1/2"]
[WhiteElo "2380"]
[BlackElo "2501"]
[Annotator "TA"]
[PlyCount "49"]
[EventDate "2020.02.19"]
[EventType "swiss"]
[EventCountry "NOR"]
[SourceTitle "playchess.com"]
[Source "ChessBase"]
[SourceQuality "1"]

{[%evp 22,49,0,-6,0,0,12,0,0,0,0,0,0,0,0,0,0,0,9,9,25,24,31,9,20,0,2,0,4,0]} 1. e4 c5 2. c3 Nf6 3. e5 Nd5 4. d4 cxd4 5. Nf3 Nc6 6. cxd4 d6 7. Bc4 Nb6 8. Bb5 dxe5 9. Nxe5 Bd7 10. Nxd7 Qxd7 11. Nc3 {[%cal Bb1c3,Bc3e4,Be4g5][%mdl 32]} e6 12. O-O Rd8 {B22: Sicilian: 2 c3.} 13. Be3 Be7 14. Qb3 O-O 15. Rfd1 Qd6 16. Ne4 {[#]} Qb8 $146 ({Predecessor:} 16... Qd5 17. Nc3 {½-½ (19) Stevic,H (2620)-Brkic,A (2562) Porec 2014}) 17. Bxc6 bxc6 18. Rac1 Rc8 19. Bg5 Bxg5 20. Nxg5 Nd5 21. Qc2 {[%csl Gg5][%cal Rc2h7] [#]} Nf6 22. b3 Rfd8 {The position is equal.} 23. Ne4 Nxe4 24. Qxe4 c5 25. dxc5 {A rather calm draw. Accuracy: White = 100%, Black = 100%.} 1/2-1/2

[Event "Kragero Resort A 2020"]
[Site "Kragero"]
[Date "2020.02.21"]
[Round "6.9"]
[White "Salimova, Nurgyul"]
[Black "Castellanos Rodriguez, Renier"]
[Result "1/2-1/2"]
[WhiteElo "2372"]
[BlackElo "2481"]
[Annotator "TA"]
[PlyCount "113"]
[EventDate "2020.02.19"]
[EventType "swiss"]
[EventCountry "NOR"]
[SourceTitle "playchess.com"]
[Source "ChessBase"]
[SourceQuality "1"]

{[%evp 9,113,7,11,0,27,21,32,27,29,16,29,25,14,18,27,27,46,9,40,22,24,9,23,7,35,19,49,0,0,0,0,0,25,20,35,-20,-26,-22,-11,-119,0,0,55,72,138,141,141,140,150,150,147,159,161,82,79,82,96,92,91,88,87,71,72,67,65,65,66,0,18,15,18,18,18,8,13,13,60,48,71,59,58,58,58,58,64,58,58,58,65,64,71,18,65,36,65,64,66,40,62,32,49,25,32,0,0,0]} 1. d4 Nf6 2. c4 e6 3. Nf3 d5 4. g3 Bb4+ 5. Bd2 Be7 6. Bg2 {E11: Bogo-Indian.} Ne4 7. O-O Nd7 8. Qc2 {White is slightly better.} c6 9. Nc3 Nxd2 10. Nxd2 O-O 11. Rfd1 f5 12. e3 Nf6 {[#]} 13. c5 $146 ({Predecessor:} 13. Ne2 Ne4 14. Nf3 Bd7 15. Ne5 Bf6 16. Nf4 Qe7 17. Nfd3 Be8 18. b4 Bh5 19. Rdc1 {1-0 (61) Lalith,B (2542)-Le,T (2485) chess.com INT 2018}) 13... Bd7 14. b4 Be8 15. a4 g5 16. b5 Bg6 17. a5 Rc8 18. bxc6 bxc6 19. Qa4 Qc7 20. a6 Rb8 21. Rab1 Nd7 22. Rb7 ({White should try} 22. Nf3 $14) 22... Rxb7 $11 23. axb7 Qxb7 24. Nc4 (24. Nb3 $11 {remains equal.}) 24... Qc7 (24... dxc4 $17 25. Bxc6 {[#]} Nxc5 $1 {[%mdl 512]} 26. Bxb7 Nxa4 27. Nxa4 Rb8) 25. Na5 $36 {[%mdl 2048] White is more active.} Bf6 (25... Nb8 $1 $11) 26. Nxc6 $14 {Bxd5! is the strong threat.} Nxc5 (26... Be8 $142) 27. Nxd5 $1 $16 Nxa4 28. Nxc7 Bf7 29. Ra1 Nc3 30. Rxa7 ({Much less strong is} 30. Nxa7 e5 $16) 30... Rc8 31. Ra8 ({Better is} 31. Kf1 $18) 31... Rxa8 32. Nxa8 g4 33. Nb6 Be8 34. Nc4 h5 35. N4e5 h4 36. gxh4 Bxh4 37. Nd3 Kg7 38. Nf4 (38. Kf1 $14) 38... Kf6 39. Ne5 Bg5 40. Nfd3 Bb5 41. Bc6 Bxd3 42. Nxd3 $11 {[%mdl 4096] Endgame KBN-KBN} Bh6 43. Kg2 Bf8 44. h3 gxh3+ 45. Kxh3 Bd6 46. Kg2 Na2 47. Bb7 Nb4 48. Nb2 Nc2 49. Nc4 Bb4 50. Ne5 (50. Kg3 $16) 50... Bd6 51. Nf3 Na3 52. Ba6 Nc2 53. Kf1 Nb4 54. Bb7 f4 55. e4 {[#] Hoping for e5+.} e5 56. d5 Nd3 $1 57. Nd2 {Blacks defense is rewarded with a draw. Accuracy: White = 68%, Black = 74%.} 1/2-1/2

[Event "Kragero Resort A 2020"]
[Site "Kragero"]
[Date "2020.02.21"]
[Round "6.10"]
[White "Hauge, Lars Oskar"]
[Black "Alinasab, Mobina"]
[Result "1-0"]
[WhiteElo "2472"]
[BlackElo "2333"]
[Annotator "RC"]
[PlyCount "57"]
[EventDate "2020.02.19"]
[EventType "swiss"]
[EventCountry "NOR"]
[SourceTitle "playchess.com"]
[Source "ChessBase"]
[SourceQuality "1"]
[TimeControl "5400+30"]

1. e4 {[%emt 0:00:00]} c5 {[%emt 0:00:00]} 2. Nc3 {[%emt 0:00:00]} Nc6 {[%emt 0:00:10]} 3. f4 {[%emt 0:00:25]} d6 {[%emt 0:00:53]} 4. Nf3 {[%emt 0:00:47]} g6 {[%emt 0:00:34]} 5. Bc4 {[%emt 0:01:33]} Bg7 {[%emt 0:00:08]} 6. O-O {[%emt 0:00:25]} e6 {[%emt 0:00:19]} 7. d4 {[%emt 0:02:11]} Nxd4 {[%emt 0:10:15]} 8. Be3 {[%emt 0:01:28]} Qb6 {[%emt 0:18:35]} 9. e5 {[%emt 0:05:32]} Nxf3+ {[%emt 0:21:24]} 10. Qxf3 {[%emt 0:00:23]} d5 {[%emt 0:00:25]} 11. Bb5+ {[%emt 0:08:02]} Kf8 {[%emt 0:00:15]} 12. b4 {[%emt 0:23:23]} d4 {[%emt 0:07:56]} 13. bxc5 {[%emt 0:06:01]} Qxc5 {[%emt 0:00:06]} 14. Rad1 {[%emt 0:01:49]} Qxc3 {[%emt 0:00:29]} 15. Bxd4 {[%emt 0:00:37]} Qc7 {[%emt 0:00:24]} 16. Qa3+ {[%emt 0:02:39]} Ne7 {[%emt 0:00:06]} 17. Bc5 {[%emt 0:00:17]} f5 {[%emt 0:00:10]} 18. Rd6 {[%emt 0:02:56]} b6 {[%emt 0:01:56]} 19. Rc6 {[%emt 0:01:53]} Qb7 {[%emt 0:00:21]} 20. Bd6 {[%emt 0:01:14]} a6 {[%emt 0:08:09]} 21. Rc7 {[%emt 0:06:18]} axb5 {[%emt 0:00:04]} 22. Rxb7 {[%emt 0:01:01]} Rxa3 {[%emt 0:00:52]} 23. Rxe7 {[%emt 0:00:06]} Ra4 {[%emt 0:08:27]} 24. Rc7+ {[%emt 0:00:27]} Ke8 {[%emt 0:00:33]} 25. Rxc8+ {[%emt 0:00:12]} Kf7 {[%emt 0:00:04]} 26. Rc7+ {[%emt 0:00:06]} Kg8 {[%emt 0:00:04]} 27. Rd1 {[%emt 0:00:19]} h5 {[%emt 0:00:13]} 28. Be7 {[%emt 0:00:24]} Rxf4 {[%emt 0:05:58]} 29. Bf6 {[%emt 0:00:46]} 1-0

[Event "Kragero Resort A 2020"]
[Site "Kragero"]
[Date "2020.02.21"]
[Round "6.11"]
[White "Haug, Johannes"]
[Black "Mikalsen, Erlend"]
[Result "1/2-1/2"]
[WhiteElo "2426"]
[BlackElo "2364"]
[Annotator "ChessBase"]
[PlyCount "87"]
[EventDate "2020.02.19"]
[EventType "swiss"]
[EventCountry "NOR"]
[SourceTitle "playchess.com"]
[Source "ChessBase"]
[SourceQuality "1"]
[TimeControl "5400+30"]

1. d4 {[%emt 0:00:00]} Nf6 {[%emt 0:00:45]} 2. c4 {[%emt 0:00:00]} e6 {[%emt 0:00:04]} 3. Nf3 {[%emt 0:00:00]} b6 {[%emt 0:00:03]} 4. g3 {[%emt 0:00:00]} Ba6 {[%emt 0:00:03]} 5. Nbd2 {[%emt 0:00:00]} Bb7 {[%emt 0:00:24]} 6. Bg2 {[%emt 0:00:01]} Be7 {[%emt 0:00:06]} 7. O-O {[%emt 0:00:41]} O-O {[%emt 0:00:09]} 8. Qc2 {[%emt 0:00:07]} d5 {[%emt 0:00:14]} 9. cxd5 {[%emt 0:00:16]} exd5 {[%emt 0:00:12]} 10. b3 {[%emt 0:00:14]} c5 {[%emt 0:05:22]} 11. Bb2 {[%emt 0:00:12]} Nc6 {[%emt 0:00:53]} 12. Rac1 {[%emt 0:02:44]} Re8 {[%emt 0:11:29]} 13. Rfe1 {[%emt 0:05:26]} Bf8 {[%emt 0:04:48]} 14. e3 {[%emt 0:07:59]} a5 {[%emt 0:08:24]} 15. dxc5 {[%emt 0:10:30]} bxc5 {[%emt 0:00:52]} 16. Qf5 {[%emt 0:00:55]} Bc8 {[%emt 0:13:52]} 17. Qb1 {[%emt 0:08:46]} h6 {[%emt 0:08:15]} 18. Nh4 {[%emt 0:07:41]} Be6 {[%emt 0:00:36]} 19. f4 {[%emt 0:17:56]} Ra7 {[%emt 0:01:11]} 20. Bxf6 {[%emt 0:03:49]} Qxf6 {[%emt 0:06:58]} 21. f5 {[%emt 0:00:59]} Bc8 {[%emt 0:00:05]} 22. Bxd5 {[%emt 0:01:17]} Nb4 {[%emt 0:05:51]} 23. Bg2 {[%emt 0:04:47]} Rd7 {[%emt 0:02:07]} 24. Ne4 {[%emt 0:02:27]} Qe5 {[%emt 0:00:21]} 25. Nf2 {[%emt 0:00:37]} Rdd8 {[%emt 0:05:23]} 26. a3 {[%emt 0:05:55]} Nd5 {[%emt 0:00:04]} 27. Nf3 {[%emt 0:01:13]} Qb8 {[%emt 0:03:40]} 28. e4 {[%emt 0:01:19]} Nb6 {[%emt 0:00:16]} 29. e5 {[%emt 0:02:28]} c4 {[%emt 0:03:08]} 30. b4 {[%emt 0:04:04]} axb4 {[%emt 0:00:11]} 31. axb4 {[%emt 0:00:01]} Nd5 {[%emt 0:00:55]} 32. Rxc4 {[%emt 0:02:02]} Ba6 {[%emt 0:00:06]} 33. Rd4 {[%emt 0:02:04]} Nc3 {[%emt 0:05:08]} 34. Qb2 {[%emt 0:01:28]} Rxd4 {[%emt 0:00:21]} 35. Nxd4 {[%emt 0:00:05]} Qxb4 {[%emt 0:00:21]} 36. Qxb4 {[%emt 0:05:04]} Bxb4 {[%emt 0:00:08]} 37. e6 {[%emt 0:00:04]} Bc5 {[%emt 0:02:50]} 38. exf7+ {[%emt 0:01:29]} Kxf7 {[%emt 0:00:04]} 39. Ne6 {[%emt 0:00:09]} Bc4 {[%emt 0:04:35]} 40. Bf3 {[%emt 0:00:36]} Kf6 {[%emt 0:01:30]} 41. Kg2 {[%emt 0:01:33]} Bxf2 {[%emt 0:01:13]} 42. Kxf2 {[%emt 0:00:29]} Bxe6 {[%emt 0:00:08]} 43. fxe6 {[%emt 0:00:07]} Rxe6 {[%emt 0:00:09]} 44. Rc1 {[%emt 0:00:30]} 1/2-1/2